Statistics for Finishing Cities in Latvia, Lithuania, and Estonia.

Click here to take the quiz!

General Stats

  • This quiz has been taken 345 times
  • The average score is 13 of 20

Answer Stats

StartFinish% Correct
Ri__Riga
98%
Viln___Vilnius
97%
Tall___Tallinn
92%
Kau___Kaunas
89%
Klai____Klaipeda
83%
Tar__Tartu
81%
Liep___Liepaja
74%
Daugav____Daugavpils
72%
Nar__Narva
70%
Jel____Jelgava
63%
Jur____Jurmala
63%
Par__Parnu
52%
Siau____Siauliai
50%
Rez____Rezekne
47%
Rak____Rakvere
45%
Pane_____Panevezys
44%
Haap____Haapsalu
42%
Kures_____Kuressaare
40%
Aly___Alytus
39%
Ta__Tapa
17%

Score Distribution

Percentile by Number Answered

Percent of People with Each Score

Your Score History

You have not taken this quiz